Super techniques Inazuma Eleven par images #1 - Statistiques

Statistiques générales
  • Ce quiz a été pris 1 554 fois
  • Le résultat moyen est 12 sur 15
Statistiques - réponses
Par images Hint Réponse % Correct
Inazuma Japon La Montagne
94%
Services secrets La Tour
94%
Royal Academy Triangle de la Mort
93%
Raimon Tempête de feu
91%
Royal Academy Manchot empereur n°2
89%
Raimon Mains de l'infini
88%
Raimon Phénix
83%
Alpin Patinoire
79%
Zeus Savoir suprême
77%
Epsilon Trou de ver
77%
Raimon Poing de la Justice
74%
Triple C Tir de la rose
73%
Mary Times Memorial Tir tsunami
69%
Raimon Tornade noire
68%
Otaku Cible mouvante
22%
Aucun quiz correspondant
Distribution des résultats
% des personnes avec chaque résultat
Percentile par nombre de réponses
Votre historique - résultats
Vous n’avez pas pris ce quiz